00346nam a2200145Ia 4500008004100000041000800041082002300049100001500072245002100087260002800108300000800136365001600144700001300160710002700173230312s9999 xx 000 0 und d aeng a006.66b006.66 SIN aSinha A.N. aCompuer Graphics c2008bTata Mc-Graw Hill a471 cRs.b450.00 aUdaiA.D. aSinha A.N. & Udai A.D.